[Event "TICF 2024"]
[Site "Famalicao"]
[Date "2024.07.26"]
[Round "6.1"]
[White "Vladimir, Petkov"]
[Black "Andre, Ventura Sousa"]
[Result "1-0"]
[BlackElo "2431"]
[WhiteElo "2417"]
[LiveChessVersion "1.4.8"]

1. d4 {[%clk 1:30:17]} d5 {[%clk 1:30:55]} 2. c4 {[%clk 1:29:56]} e6
{[%clk 1:31:22]} 3. Nc3 {[%clk 1:29:16]} Nf6 {[%clk 1:31:47]} 4. cxd5
{[%clk 1:27:27]} exd5 {[%clk 1:32:08]} 5. Bg5 {[%clk 1:27:45]} c6
{[%clk 1:32:35]} 6. e3 {[%clk 1:27:05]} h6 {[%clk 1:33:01]} 7. Bh4
{[%clk 1:27:18]} Be7 {[%clk 1:33:26]} 8. Bd3 {[%clk 1:27:19]} O-O
{[%clk 1:33:52]} 9. Qc2 {[%clk 1:27:30]} Re8 {[%clk 1:34:16]} 10. h3
{[%clk 1:23:34]} Nbd7 {[%clk 1:32:27]} 11. Bg3 {[%clk 1:21:48]} Nf8
{[%clk 1:30:17]} 12. Nf3 {[%clk 1:21:58]} Ne6 {[%clk 1:27:53]} 13. O-O
{[%clk 1:17:25]} g6 {[%clk 1:18:15]} 14. Bxg6 {[%clk 1:07:13]} fxg6
{[%clk 1:18:40]} 15. Qxg6+ {[%clk 1:07:38]} Ng7 {[%clk 1:19:08]} 16. Be5
{[%clk 1:07:54]} Rf8 {[%clk 1:15:48]} 17. Qxh6 {[%clk 0:53:31]} Nfh5
{[%clk 0:53:32]} 18. e4 {[%clk 0:51:40]} Rxf3 {[%clk 0:52:37]} 19. gxf3
{[%clk 0:51:22]} Bg5 {[%clk 0:52:37]} 20. Qg6 {[%clk 0:47:43]} Bxh3
{[%clk 0:52:04]} 21. Ne2 {[%clk 0:43:05]} Bxf1 {[%clk 0:48:43]} 22. Ng3
{[%clk 0:32:23]} Bh4 {[%clk 0:33:34]} 23. Nxh5 {[%clk 0:31:11]} Qg5+
{[%clk 0:34:01]} 24. Qxg5 {[%clk 0:31:32]} Bxg5 {[%clk 0:34:29]} 25. Nxg7
{[%clk 0:31:36]} Be2 {[%clk 0:34:22]} 26. Kg2 {[%clk 0:28:19]} Bf4
{[%clk 0:28:38]} 27. Nf5 {[%clk 0:21:57]} Bxe5 {[%clk 0:28:14]} 28. dxe5
{[%clk 0:22:22]} Bd3 {[%clk 0:27:24]} 29. Nd6 {[%clk 0:20:38]} Kf8
{[%clk 0:25:11]} 30. Rd1 {[%clk 0:18:58]} Bc2 {[%clk 0:25:23]} 31. Rh1
{[%clk 0:18:40]} Kg7 {[%clk 0:24:39]} 32. Nf5+ {[%clk 0:17:27]} Kg6
{[%clk 0:24:18]} 33. Rh6+ {[%clk 0:17:27]} Kg5 {[%clk 0:24:45]} 34. Kg3
{[%clk 0:17:39]} Bxe4 {[%clk 0:25:11]} 35. f4+ {[%clk 0:17:53]} 1-0

[Event "TICF 2024"]
[Site "Famalicao"]
[Date "2024.07.26"]
[Round "6.2"]
[White "Vladislav, Larkin"]
[Black "Alex, Garrido Outon"]
[Result "1-0"]
[BlackElo "2403"]
[WhiteElo "2436"]
[LiveChessVersion "1.4.8"]

1. e4 {[%clk 1:30:55]} d6 {[%clk 1:30:52]} 2. d4 {[%clk 1:31:09]} Nf6
{[%clk 1:31:15]} 3. Nc3 {[%clk 1:31:07]} e5 {[%clk 1:31:36]} 4. Nge2
{[%clk 1:30:40]} c6 {[%clk 1:31:00]} 5. h3 {[%clk 1:29:59]} b5 {[%clk 1:31:01]}
6. a3 {[%clk 1:30:23]} h5 {[%clk 1:31:25]} 7. g3 {[%clk 1:26:05]} Be7
{[%clk 1:31:05]} 8. Bg2 {[%clk 1:26:24]} Nbd7 {[%clk 1:30:51]} 9. d5
{[%clk 1:14:09]} Bb7 {[%clk 1:27:39]} 10. O-O {[%clk 1:14:17]} a5
{[%clk 1:17:20]} 11. a4 {[%clk 0:59:28]} b4 {[%clk 1:13:52]} 12. dxc6
{[%clk 0:59:29]} Bxc6 {[%clk 1:14:12]} 13. Nd5 {[%clk 0:59:51]} Nc5
{[%clk 1:06:17]} 14. Be3 {[%clk 0:59:46]} Nxa4 {[%clk 1:04:56]} 15. c3
{[%clk 0:55:20]} Nc5 {[%clk 0:49:59]} 16. cxb4 {[%clk 0:19:58]} axb4
{[%clk 0:47:12]} 17. Rxa8 {[%clk 0:17:07]} Bxa8 {[%clk 0:47:11]} 18. Bxc5
{[%clk 0:15:27]} Bxd5 {[%clk 0:45:02]} 19. Bxb4 {[%clk 0:15:52]} Bb7
{[%clk 0:38:02]} 20. Qa4+ {[%clk 0:15:39]} Qd7 {[%clk 0:38:16]} 21. Qa3
{[%clk 0:14:13]} Nxe4 {[%clk 0:33:10]} 22. Qa7 {[%clk 0:10:20]} f5
{[%clk 0:18:52]} 23. f4 {[%clk 0:05:05]} O-O {[%clk 0:15:08]} 24. fxe5
{[%clk 0:05:29]} Qb5 {[%clk 0:14:25]} 25. Bxd6 {[%clk 0:01:44]} Bd8
{[%clk 0:05:42]} 26. Nd4 {[%clk 0:00:34]} Qb6 {[%clk 0:01:12]} 27. Qxb6
{[%clk 0:00:42]} Bxb6 {[%clk 0:01:41]} 28. Bxf8 {[%clk 0:01:07]} Bxd4+
{[%clk 0:02:00]} 29. Kh2 {[%clk 0:01:34]} Kxf8 {[%clk 0:00:42]} 30. Rxf5+
{[%clk 0:02:00]} Ke7 {[%clk 0:01:08]} 31. Bxe4 {[%clk 0:02:11]} Ke6
{[%clk 0:01:35]} 32. Rf4 {[%clk 0:02:23]} g5 {[%clk 0:00:44]} 33. Bf5+
{[%clk 0:00:49]} Kxe5 {[%clk 0:01:08]} 34. Rf1 {[%clk 0:00:39]} Ba6
{[%clk 0:01:11]} 35. Ra1 {[%clk 0:01:01]} Kxf5 {[%clk 0:00:52]} 36. Ra5+
{[%clk 0:01:24]} Be5 {[%clk 0:00:56]} 37. Rxa6 {[%clk 0:01:50]} Bxb2
{[%clk 0:01:09]} 38. Rh6 {[%clk 0:01:44]} Be5 {[%clk 0:00:39]} 39. Kg2
{[%clk 0:02:00]} Bf6 {[%clk 0:00:32]} 40. Rxh5 {[%clk 0:01:05]} Kg6
{[%clk 0:01:02]} 41. g4 {[%clk 0:01:28]} Kg7 {[%clk 0:01:26]} 42. Kf3
{[%clk 0:01:54]} Kg6 {[%clk 0:01:31]} 43. Ke4 {[%clk 0:02:07]} Bg7
{[%clk 0:01:13]} 44. h4 {[%clk 0:02:31]} 1-0

[Event "TICF 2024"]
[Site "Famalicao"]
[Date "2024.07.26"]
[Round "6.3"]
[White "Galvan Cipriani, Viviana"]
[Black "Fier, Alexandr"]
[Result "0-1"]
[BlackElo "2587"]
[WhiteElo "2081"]
[LiveChessVersion "1.4.8"]

1. c4 b6 2. Nc3 Bb7 3. e4 e5 4. Nf3 Nc6 5. g3 Bc5 6. Bg2 d6 7. d3 Nge7 8. Be3 O-O
9. Qd2 a5 10. O-O f5 11. d4 f4 12. gxf4 exd4 13. Nxd4 Nxd4 14. Bxd4 Bxd4 15. Qxd4
Rxf4 16. Ne2 Rf7 17. f4 Ng6 18. Rf2 Qh4 19. Raf1 Raf8 20. Qd2 Qh6 21. Qc1 Kh8 22.
b3 Bc8 23. f5 Qxc1 24. Nxc1 Ne5 25. h3 Bb7 26. Re2 g6 27. Ref2 g5 28. Rd2 Re8 29.
Ne2 Kg7 30. Nd4 Kf6 31. Ne6 Bc8 32. Nxc7 Rxc7 33. Rxd6+ Kf7 34. Rxb6 Nd7 35. Rd6
Nf6 36. Rd4 Rce7 37. Bf3 Re5 38. Rc1 Bb7 39. c5 Rc8 40. Rdc4 Bxe4 41. Bxe4 Nxe4
42. Re1 Nd2 43. Rxe5 Nf3+ 44. Kg2 Nxe5 45. Rc3 Kf6 46. a3 Nc6 47. Rc1 Kxf5 48.
Kf2 Rb8 49. Rc3 Ke4 50. Kg3 Kd4 51. Rc4+ Kd3 52. Rg4 Rxb3 53. Rxg5 Rxa3 54. Kf4
Kd4 55. h4 Ra1 56. Rh5 Rf1+ 57. Kg5 Rf7 58. Kh6 a4 0-1

[Event "TICF 2024"]
[Site "Famalicao"]
[Date "2024.07.26"]
[Round "6.4"]
[White "Lelys, Martinez Duany"]
[Black "Goncalves, Samuel"]
[Result "1-0"]
[BlackElo "2209"]
[WhiteElo "2448"]
[LiveChessVersion "1.4.8"]

1. e4 {[%clk 1:30:58]} c6 {[%clk 1:30:28]} 2. d3 {[%clk 1:29:09]} d5
{[%clk 1:30:35]} 3. Nd2 {[%clk 1:29:32]} g6 {[%clk 1:26:24]} 4. Ngf3 Bg7
{[%clk 1:26:33]} 5. g3 {[%clk 1:27:17]} e5 {[%clk 1:26:49]} 6. Bg2
{[%clk 1:27:32]} Ne7 {[%clk 1:27:04]} 7. O-O {[%clk 1:27:35]} O-O
{[%clk 1:27:22]} 8. Re1 {[%clk 1:27:10]} Re8 {[%clk 1:24:19]} 9. exd5
{[%clk 1:26:29]} Nxd5 {[%clk 1:24:39]} 10. Nc4 {[%clk 1:26:32]} Qc7
{[%clk 1:20:36]} 11. a4 {[%clk 1:13:59]} f5 {[%clk 1:06:39]} 12. c3
{[%clk 1:00:33]} Nd7 {[%clk 1:02:18]} 13. h4 {[%clk 0:57:53]} h6 {[%clk 0:59:40]}
14. d4 {[%clk 0:44:58]} e4 {[%clk 0:59:17]} 15. Nfe5 {[%clk 0:45:18]} Kh7
{[%clk 0:55:52]} 16. Nd3 {[%clk 0:40:55]} b5 {[%clk 0:38:49]} 17. axb5
{[%clk 0:39:28]} cxb5 {[%clk 0:38:52]} 18. Na5 {[%clk 0:39:43]} N7b6
{[%clk 0:18:41]} 19. Nf4 {[%clk 0:37:24]} Be6 {[%clk 0:18:05]} 20. Nb3
{[%clk 0:30:16]} Bf7 {[%clk 0:15:25]} 21. Nc5 {[%clk 0:30:35]} Bf8
{[%clk 0:14:28]} 22. Qe2 {[%clk 0:25:32]} Bxc5 {[%clk 0:13:39]} 23. dxc5
{[%clk 0:25:54]} Qxc5 {[%clk 0:14:01]} 24. Kh1 {[%clk 0:21:18]} a5
{[%clk 0:12:21]} 25. Rd1 {[%clk 0:19:13]} a4 {[%clk 0:11:33]} 26. Rd4
{[%clk 0:19:21]} a3 {[%clk 0:10:46]} 27. Nxd5 {[%clk 0:19:39]} Nxd5
{[%clk 0:10:20]} 28. bxa3 {[%clk 0:19:27]} f4 {[%clk 0:05:19]} 29. Bxf4
{[%clk 0:18:49]} Nxf4 {[%clk 0:04:30]} 30. gxf4 {[%clk 0:19:14]} Rxa3
{[%clk 0:04:20]} 31. Rxa3 {[%clk 0:18:36]} Qxa3 {[%clk 0:04:44]} 32. Qe3
{[%clk 0:18:47]} Qe7 {[%clk 0:01:38]} 33. Qg3 {[%clk 0:17:57]} Rd8
{[%clk 0:00:51]} 34. Rxd8 {[%clk 0:17:38]} Qxd8 {[%clk 0:01:14]} 35. Bxe4
{[%clk 0:17:50]} Qe7 {[%clk 0:01:10]} 36. Bd3 {[%clk 0:16:03]} Qc5
{[%clk 0:00:47]} 37. Kg1 {[%clk 0:15:50]} Qh5 {[%clk 0:00:34]} 38. Kh2
{[%clk 0:15:26]} Kg7 {[%clk 0:00:42]} 39. f5 {[%clk 0:14:43]} g5 {[%clk 0:01:01]}
40. Bxb5 {[%clk 0:13:42]} Kh8 {[%clk 0:00:38]} 41. f6 {[%clk 0:12:50]} 1-0

[Event "TICF 2024"]
[Site "Famalicao"]
[Date "2024.07.26"]
[Round "6.5"]
[White "Antonio, Pereira Santos"]
[Black "Cristian, Silva Lucena"]
[Result "1-0"]
[BlackElo "2346"]
[WhiteElo "2158"]
[LiveChessVersion "1.4.8"]

1. d4 Nf6 2. c4 d6 3. Nc3 e5 4. e3 Qe7 5. Nf3 g6 6. Be2 Bg7 7. O-O e4 8. Nd2 O-O
9. b4 a5 10. b5 h5 11. Ba3 Re8 12. Qb3 b6 13. c5 dxc5 14. dxc5 bxc5 15. Rac1 Qe5
16. Ncxe4 Nxe4 17. Nxe4 Be6 18. Qa4 Nd7 19. Nxc5 Nb6 20. Qc2 Rac8 21. Nxe6 Rxe6
22. Bc5 Qg5 23. f4 Qd8 24. f5 Rf6 25. fxg6 fxg6 26. Rxf6 Qxf6 27. Bd4 Qe6 28. Qc6
Qxc6 29. Rxc6 Bxd4 30. exd4 Kf7 31. Bd3 g5 32. Bg6+ Ke7 33. Bxh5 Nd5 34. b6 Nxb6
35. Bg4 Rb8 36. Rxc7+ Kd6 37. Rc5 a4 38. Rb5 Kc6 39. Rxg5 Rd8 40. Rc5+ Kb7 41.
Bf3+ Ka6 42. d5 Nd7 43. Be2+ Kb6 44. Rb5+ Kc7 45. h4 Re8 46. Kf2 Kd6 47. h5 Nc5
48. Bf3 Nd3+ 49. Kg3 Rg8+ 50. Kh4 Nf4 51. g3 Nd3 52. h6 Ne5 53. Bh5 Rh8 54. g4
Nf3+ 55. Kg3 Nd4 56. Ra5 Ke5 57. d6+ Kxd6 58. Rxa4 Ke5 59. Ra5+ Ke4 60. Bg6+ Ke3
61. Re5+ Kd2 62. g5 Nc6 63. Kf4 Nxe5 64. Kxe5 Ke3 65. Bf7 Kf3 66. Kf5 Kg3 67. g6
1-0

[Event "TICF 2024"]
[Site "Famalicao"]
[Date "2024.07.26"]
[Round "6.6"]
[White "Gustavo, Ribeiro"]
[Black "Goncalves, Lucas"]
[Result "1-0"]
[BlackElo "2068"]
[WhiteElo "2256"]
[LiveChessVersion "1.4.8"]

1. e4 e5 2. Nf3 Nc6 3. Bb5 a6 4. Ba4 Nf6 5. O-O Be7 6. Re1 b5 7. Bb3 d6 8. c3 O-O
9. h3 Na5 10. Bc2 c5 11. d4 Qc7 12. d5 c4 13. a4 Bd7 14. Be3 Nb7 15. Nbd2 Nc5 16.
a5 Rfc8 17. Nh2 Bf8 18. Qf3 Be8 19. Ndf1 Ncd7 20. Ng4 Nxg4 21. hxg4 Rab8 22. Bd2
Nc5 23. Ra3 Na4 24. Rb1 Qxa5 25. Ne3 Qd8 26. Bxa4 bxa4 27. Nf5 Rb7 28. Bc1 Rb3
29. Qe2 Qb6 30. Rba1 g6 31. Ne3 Rxa3 32. Rxa3 Qd8 33. Ra1 Bh6 34. g3 Rc7 35. Kg2
Qb8 36. Qf3 Bg5 37. Nd1 Qd8 38. Be3 Rb7 39. Qe2 Bb5 40. f4 Bf6 41. g5 Bg7 42. f5
f6 43. fxg6 hxg6 44. gxf6 Qxf6 45. Nf2 Bd7 46. Rf1 Qd8 47. Bc1 Qc8 48. Rh1 Qf8
49. Ng4 Bc8 50. Nh6+ Bxh6 51. Rxh6 Qf6 52. g4 Rf7 53. g5 Qd8 54. Rxg6+ Rg7 55.
Qh5 Qd7 56. Re6 Rf7 57. g6 Rg7 58. Bg5 Qb5 59. Rf6 Qxb2+ 60. Rf2 1-0

[Event "TICF 2024"]
[Site "Famalicao"]
[Date "2024.07.26"]
[Round "6.7"]
[White "Zhang, Xin An"]
[Black "Yaniela, Forgas Moreno"]
[Result "0-1"]
[BlackElo "2234"]
[WhiteElo "1855"]
[LiveChessVersion "1.4.8"]

1. d4 g6 2. Nf3 Bg7 3. e4 c6 4. c3 d5 5. exd5 cxd5 6. Bd3 Nf6 7. Bf4 Nc6 8. O-O
O-O 9. Nbd2 Nh5 10. Be5 f6 11. Bg3 Nxg3 12. hxg3 e5 13. dxe5 fxe5 14. c4 e4 15.
cxd5 exf3 16. Bxg6 hxg6 17. dxc6 fxg2 18. Kxg2 Qd5+ 19. f3 bxc6 20. Qc2 Rb8 21.
Nb3 Bg4 22. Qxg6 Bxf3+ 23. Kg1 Rf6 24. Rad1 Rxg6 0-1

[Event "TICF 2024"]
[Site "Famalicao"]
[Date "2024.07.26"]
[Round "6.8"]
[White "Jose, Garcia Molina"]
[Black "Tomas, Santos"]
[Result "0-1"]
[BlackElo "1949"]
[WhiteElo "2229"]
[LiveChessVersion "1.4.8"]

1. d4 {[%clk 1:30:56]} Nf6 {[%clk 1:31:12]} 2. Nf3 {[%clk 1:31:35]} g6
{[%clk 1:31:36]} 3. c4 {[%clk 1:31:56]} Bg7 {[%clk 1:31:59]} 4. g3
{[%clk 1:32:13]} O-O {[%clk 1:32:21]} 5. Bg2 {[%clk 1:32:22]} c5 {[%clk 1:32:40]}
6. O-O {[%clk 1:32:09]} Nc6 {[%clk 1:33:01]} 7. Nc3 {[%clk 1:27:57]} d6
{[%clk 1:31:40]} 8. d5 {[%clk 1:18:17]} Na5 {[%clk 1:31:49]} 9. Qd3
{[%clk 1:16:02]} e6 {[%clk 1:31:48]} 10. Nd2 {[%clk 1:12:06]} exd5
{[%clk 1:30:19]} 11. cxd5 {[%clk 1:12:23]} a6 {[%clk 1:29:14]} 12. a3
{[%clk 1:05:16]} b5 {[%clk 1:24:07]} 13. b4 {[%clk 1:05:29]} Nb7 {[%clk 1:24:23]}
14. Bb2 {[%clk 1:01:54]} Qb6 {[%clk 1:15:32]} 15. Rab1 {[%clk 0:45:56]} Bf5
{[%clk 1:10:40]} 16. e4 {[%clk 0:44:38]} Bd7 {[%clk 1:10:47]} 17. h3
{[%clk 0:33:52]} Nh5 {[%clk 1:09:50]} 18. Kh2 {[%clk 0:31:37]} f5
{[%clk 1:09:19]} 19. f4 {[%clk 0:27:13]} Rae8 {[%clk 1:08:55]} 20. Rfe1
{[%clk 0:22:12]} a5 {[%clk 1:03:29]} 21. bxa5 {[%clk 0:17:12]} Qxa5
{[%clk 1:03:34]} 22. exf5 {[%clk 0:16:26]} Bxf5 {[%clk 1:03:25]} 23. Be4
{[%clk 0:16:09]} c4 {[%clk 1:03:35]} 24. Qc2 {[%clk 0:15:10]} Bd7
{[%clk 1:02:32]} 25. a4 {[%clk 0:13:12]} Qa7 {[%clk 1:02:38]} 26. Nd1
{[%clk 0:13:01]} Bxb2 {[%clk 0:56:47]} 27. Rxb2 {[%clk 0:12:35]} Nc5
{[%clk 0:56:50]} 28. Nf3 {[%clk 0:12:02]} Nxa4 {[%clk 0:56:39]} 29. Bxg6
{[%clk 0:11:30]} Rxe1 {[%clk 0:56:48]} 30. Nxe1 {[%clk 0:10:55]} Nxb2 31. Bxh5
{[%clk 0:10:56]} Nxd1 {[%clk 0:56:30]} 32. Qxd1 {[%clk 0:10:56]} Qf2+
{[%clk 0:56:45]} 33. Ng2 {[%clk 0:11:25]} Bf5 {[%clk 0:56:47]} 34. Bg4
{[%clk 0:10:55]} Qc2 35. Qd4 {[%clk 0:11:01]} Be4 {[%clk 0:49:16]} 36. Be6+
{[%clk 0:11:01]} Rf7 {[%clk 0:49:40]} 37. Bxf7+ {[%clk 0:11:28]} Kxf7
{[%clk 0:50:03]} 38. Qa7+ {[%clk 0:11:53]} Kg6 {[%clk 0:50:24]} 39. f5+ Kxf5 40.
g4+ {[%clk 0:11:28]} Ke5 {[%clk 0:50:58]} 41. Kg3 {[%clk 0:11:32]} Qxg2+
{[%clk 0:51:03]} 42. Kh4 {[%clk 0:12:01]} Qf3 {[%clk 0:49:02]} 43. Qe7+
{[%clk 0:11:57]} Kxd5 {[%clk 0:49:13]} 44. Qb7+ {[%clk 0:12:11]} Kd4
{[%clk 0:48:35]} 45. Qb6+ {[%clk 0:12:40]} Kc3 {[%clk 0:48:12]} 46. Qa5+
{[%clk 0:13:01]} b4 {[%clk 0:47:43]} 47. Qa1+ {[%clk 0:13:21]} Kb3
{[%clk 0:47:57]} 48. Kg5 {[%clk 0:13:31]} Qe3+ {[%clk 0:47:51]} 49. Kh4
{[%clk 0:13:49]} c3 {[%clk 0:48:09]} 0-1

[Event "TICF 2024"]
[Site "Famalicao"]
[Date "2024.07.26"]
[Round "6.9"]
[White "Pinho, Paulo"]
[Black "Kevin, Spraggett"]
[Result "0-1"]
[BlackElo "2440"]
[WhiteElo "2116"]
[LiveChessVersion "1.4.8"]

1. d4 d5 2. Nf3 Nf6 3. c4 dxc4 4. e3 Bg4 5. Bxc4 e6 6. Nc3 c5 7. h3 Bh5 8. d5
exd5 9. Nxd5 Nc6 10. O-O Nxd5 11. Bxd5 Qc7 12. Qa4 Be7 13. Ne5 Rc8 14. Bxc6+ bxc6
15. Nc4 O-O 16. b3 Rfe8 17. Bb2 Bf8 18. Qa5 Qb8 19. Rfc1 Re6 20. Qc3 Rd8 21. Rc2
Rd5 22. Re1 Qd8 23. f4 Bg6 24. Rf2 Be4 25. Qa5 Qh4 26. Ne5 f6 27. Qa4 Bxg2 28. f5
Be4 29. fxe6 Rd2 30. Ree2 Rd1+ 0-1

[Event "TICF 2024"]
[Site "Famalicao"]
[Date "2024.07.26"]
[Round "6.10"]
[White "Daniel, Campora"]
[Black "Ferreira, Vasco"]
[Result "1-0"]
[BlackElo "1808"]
[WhiteElo "2351"]
[LiveChessVersion "1.4.8"]

1. e4 {[%clk 1:30:58]} e6 {[%clk 1:30:44]} 2. d4 {[%clk 1:31:12]} d5
{[%clk 1:31:04]} 3. Nc3 {[%clk 1:31:24]} Nf6 {[%clk 1:31:27]} 4. Bg5
{[%clk 1:30:19]} Be7 {[%clk 1:31:49]} 5. Bxf6 {[%clk 1:30:15]} Bxf6
{[%clk 1:28:47]} 6. Nf3 {[%clk 1:30:37]} c5 {[%clk 1:25:59]} 7. dxc5
{[%clk 1:24:35]} Bxc3+ {[%clk 1:11:06]} 8. bxc3 {[%clk 1:24:56]} Qa5
{[%clk 1:08:51]} 9. Qd4 {[%clk 1:16:36]} O-O {[%clk 1:05:03]} 10. exd5
{[%clk 1:15:09]} exd5 {[%clk 1:03:23]} 11. Qb4 {[%clk 1:14:17]} Re8+
{[%clk 0:57:02]} 12. Kd2 {[%clk 1:14:38]} Qc7 {[%clk 0:52:16]} 13. Bd3
{[%clk 1:14:49]} Na6 {[%clk 0:49:08]} 14. Rhe1 {[%clk 1:08:07]} Bf5
{[%clk 0:40:42]} 15. Bxa6 {[%clk 1:05:05]} bxa6 {[%clk 0:39:48]} 16. Rxe8+
{[%clk 1:01:20]} Rxe8 {[%clk 0:40:13]} 17. g3 {[%clk 0:57:01]} Be4
{[%clk 0:27:30]} 18. Nd4 {[%clk 0:56:36]} Rb8 {[%clk 0:26:04]} 19. Qa3
{[%clk 0:56:09]} Qe5 {[%clk 0:24:13]} 20. Re1 {[%clk 0:55:40]} Qg5+
{[%clk 0:22:56]} 21. f4 {[%clk 0:48:24]} Qh6 {[%clk 0:21:49]} 22. c6
{[%clk 0:47:21]} g5 {[%clk 0:16:27]} 23. c7 {[%clk 0:45:25]} Rc8 {[%clk 0:15:02]}
24. Qe7 {[%clk 0:43:58]} gxf4 {[%clk 0:07:37]} 25. Qd8+ {[%clk 0:44:18]} Qf8
{[%clk 0:07:28]} 26. Nc6 {[%clk 0:43:32]} fxg3 {[%clk 0:03:02]} 27. Ne7+
{[%clk 0:37:45]} Kg7 {[%clk 0:03:26]} 28. Nxc8 {[%clk 0:37:51]} Qc5
{[%clk 0:03:06]} 29. Qg5+ {[%clk 0:37:48]} Bg6 {[%clk 0:02:49]} 30. Qxg3
{[%clk 0:36:09]} d4 {[%clk 0:01:21]} 31. Qe5+ {[%clk 0:36:25]} 1-0

[Event "TICF 2024"]
[Site "Famalicao"]
[Date "2024.07.26"]
[Round "6.11"]
[White "Rodrigo, Ribeiro"]
[Black "Fernando, Ribeiro"]
[Result "1/2-1/2"]
[BlackElo "2158"]
[WhiteElo "2196"]
[LiveChessVersion "1.4.8"]

1. d4 {[%clk 1:30:59]} Nf6 {[%clk 1:22:51]} 2. c4 {[%clk 1:31:24]} g6
{[%clk 1:22:38]} 3. Nc3 {[%clk 1:31:51]} Bg7 {[%clk 1:22:54]} 4. e4
{[%clk 1:32:15]} d6 {[%clk 1:23:04]} 5. Bd3 {[%clk 1:32:43]} Nc6 {[%clk 1:23:06]}
6. Nge2 {[%clk 1:32:53]} e5 {[%clk 1:23:21]} 7. d5 {[%clk 1:33:19]} Nd4
{[%clk 1:22:55]} 8. O-O {[%clk 1:19:07]} c5 {[%clk 1:12:55]} 9. dxc6
{[%clk 1:11:41]} bxc6 {[%clk 1:13:05]} 10. Qa4 {[%clk 0:56:59]} O-O
{[%clk 1:13:01]} 11. Nxd4 {[%clk 0:53:35]} exd4 {[%clk 1:13:08]} 12. Ne2
{[%clk 0:53:50]} c5 {[%clk 1:12:58]} 13. Qc6 {[%clk 0:48:12]} Rb8
{[%clk 1:11:48]} 14. Bf4 {[%clk 0:43:11]} Rb6 {[%clk 1:10:29]} 15. Qa4
{[%clk 0:43:30]} Qc7 {[%clk 1:00:35]} 16. Rfb1 {[%clk 0:39:57]} Ng4
{[%clk 0:57:02]} 17. Qc2 {[%clk 0:36:36]} Qe7 {[%clk 0:55:47]} 18. a3
{[%clk 0:32:41]} Be5 {[%clk 0:55:10]} 19. h3 {[%clk 0:26:22]} Bxf4
{[%clk 0:53:37]} 20. Nxf4 {[%clk 0:26:46]} Ne5 {[%clk 0:52:06]} 21. Nd5
{[%clk 0:19:57]} Qh4 {[%clk 0:51:11]} 22. f4 {[%clk 0:12:56]} Nxd3
{[%clk 0:51:04]} 23. Nxb6 {[%clk 0:11:12]} axb6 {[%clk 0:51:06]} 24. Qxd3
{[%clk 0:11:39]} Qxf4 {[%clk 0:51:21]} 25. Rf1 {[%clk 0:11:00]} Qe5
{[%clk 0:50:41]} 26. Rae1 {[%clk 0:09:31]} Bb7 {[%clk 0:50:54]} 27. Re2
{[%clk 0:09:05]} Re8 {[%clk 0:50:59]} 28. Rfe1 {[%clk 0:09:32]} Kg7
{[%clk 0:46:33]} 29. a4 {[%clk 0:06:02]} h5 {[%clk 0:44:39]} 30. Qd2
{[%clk 0:02:55]} Bc6 {[%clk 0:44:45]} 31. a5 {[%clk 0:02:39]} bxa5
{[%clk 0:45:06]} 32. Qxa5 {[%clk 0:03:05]} d3 {[%clk 0:45:06]} 33. Re3
{[%clk 0:00:40]} Qd4 {[%clk 0:44:36]} 34. Qc3 {[%clk 0:00:34]} d2
{[%clk 0:44:46]} 35. Rd1 {[%clk 0:00:54]} Rxe4 {[%clk 0:44:26]} 36. Kf2
{[%clk 0:00:34]} Rxe3 {[%clk 0:43:48]} 37. Qxe3 {[%clk 0:00:57]} Qxb2
{[%clk 0:38:43]} 38. Rxd2 {[%clk 0:00:41]} Qf6+ {[%clk 0:38:32]} 39. Kg1
{[%clk 0:01:05]} Kf8 {[%clk 0:34:39]} 40. Qa3 {[%clk 0:00:33]} Qe5
{[%clk 0:33:27]} 41. Qd3 {[%clk 0:00:36]} Qe1+ {[%clk 0:31:32]} 42. Kh2
{[%clk 0:01:00]} Qe5+ {[%clk 0:30:18]} 43. Kg1 {[%clk 0:01:22]} Qe1+
{[%clk 0:30:45]} 44. Kh2 {[%clk 0:00:37]} Qe5+ {[%clk 0:31:14]} 45. Kg1
{[%clk 0:00:40]} 1/2-1/2

[Event "TICF 2024"]
[Site "Famalicao"]
[Date "2024.07.26"]
[Round "6.12"]
[White "Jose, Santos"]
[Black "Monteiro, Paulo"]
[Result "1/2-1/2"]
[BlackElo "2138"]
[WhiteElo "1890"]
[LiveChessVersion "1.4.8"]

1. e4 {[%clk 1:20:07]} c5 {[%clk 1:30:40]} 2. Nf3 {[%clk 1:20:27]} e6
{[%clk 1:30:51]} 3. d4 {[%clk 1:20:01]} cxd4 {[%clk 1:31:14]} 4. Nxd4
{[%clk 1:20:27]} a6 {[%clk 1:31:26]} 5. Nc3 {[%clk 1:19:10]} Qc7 {[%clk 1:30:23]}
6. Bd3 {[%clk 1:16:04]} Nf6 {[%clk 1:30:19]} 7. O-O {[%clk 1:13:41]} d6
{[%clk 1:25:59]} 8. Re1 {[%clk 1:11:34]} Nbd7 {[%clk 1:26:06]} 9. h3
{[%clk 1:09:44]} Be7 {[%clk 1:23:25]} 10. Nb3 {[%clk 1:06:06]} O-O
{[%clk 1:16:40]} 11. Bf4 {[%clk 1:01:19]} b5 {[%clk 1:11:45]} 12. a3
{[%clk 0:58:08]} Bb7 {[%clk 1:10:19]} 13. Bf1 {[%clk 0:47:55]} Rfd8
{[%clk 1:04:22]} 14. Qf3 {[%clk 0:47:03]} Ne5 {[%clk 0:55:48]} 15. Bxe5
{[%clk 0:44:47]} dxe5 {[%clk 0:56:11]} 16. Red1 {[%clk 0:43:52]} Rxd1
{[%clk 0:53:47]} 17. Rxd1 {[%clk 0:43:37]} b4 {[%clk 0:53:13]} 18. axb4
{[%clk 0:43:39]} Bxb4 {[%clk 0:53:31]} 19. Nd2 {[%clk 0:41:50]} Rd8
{[%clk 0:47:50]} 20. Nc4 {[%clk 0:35:56]} Rxd1 {[%clk 0:46:07]} 21. Qxd1
{[%clk 0:36:12]} Bxc3 {[%clk 0:42:38]} 22. bxc3 {[%clk 0:36:39]} Nxe4
{[%clk 0:42:04]} 23. Nxe5 {[%clk 0:36:15]} Nxc3 {[%clk 0:40:56]} 24. Qd4
{[%clk 0:36:13]} h6 {[%clk 0:36:14]} 25. Nd7 {[%clk 0:32:11]} Nb5
{[%clk 0:30:50]} 26. Bxb5 {[%clk 0:26:24]} axb5 {[%clk 0:31:13]} 27. Nc5
{[%clk 0:26:38]} Bd5 {[%clk 0:31:20]} 28. c3 {[%clk 0:26:55]} Qa7
{[%clk 0:29:17]} 29. Kh2 {[%clk 0:26:56]} Qa2 {[%clk 0:28:28]} 30. Qf4
{[%clk 0:23:36]} Qa8 {[%clk 0:25:54]} 31. f3 {[%clk 0:23:37]} Qc6
{[%clk 0:25:33]} 32. Qd4 {[%clk 0:23:09]} Qd6+ {[%clk 0:25:41]} 33. Kg1
{[%clk 0:23:19]} Qg3 {[%clk 0:25:14]} 34. Ne4 {[%clk 0:21:59]} Qf4
{[%clk 0:23:17]} 35. Qd3 {[%clk 0:21:54]} f5 {[%clk 0:21:23]} 36. Nd2
{[%clk 0:21:53]} Kh7 {[%clk 0:20:55]} 37. Kf2 {[%clk 0:20:55]} Kg6
{[%clk 0:18:23]} 38. g3 {[%clk 0:20:50]} Qa4 {[%clk 0:17:57]} 39. g4
{[%clk 0:18:43]} Qf4 {[%clk 0:16:50]} 40. gxf5+ {[%clk 0:18:44]} Qxf5
{[%clk 0:17:03]} 41. Qxb5 {[%clk 0:19:03]} Qxh3 {[%clk 0:16:18]} 42. c4
{[%clk 0:19:23]} Qh2+ {[%clk 0:11:20]} 43. Ke3 {[%clk 0:18:35]} Qe5+
{[%clk 0:11:44]} 44. Ne4 {[%clk 0:17:45]} Kf5 {[%clk 0:09:30]} 45. cxd5
{[%clk 0:16:14]} exd5 {[%clk 0:09:54]} 46. Qd7+ {[%clk 0:16:29]} Kg6
{[%clk 0:10:04]} 47. Qc6+ {[%clk 0:16:38]} 1/2-1/2